000 00303nam a22001337a 4500
008 170223b xxu||||| |||| 00| 0 eng d
020 _a9781899066094
041 _aeng
080 _a616.31
100 _a5
101 _aSHK
245 _aVIDEO-ASSISTED THORACIC SURGERY
_cWALKER, W.S
942 _2udc
_cBK
999 _c6139
_d6139